Library Banner

Bani Israel se Israel tak = بنی اسرائیل سے اسرائیل تک : (Record no. 132019)

MARC details
000 -LEADER
fixed length control field 00678nam a22001697a 4500
005 - DATE AND TIME OF LATEST TRANSACTION
control field 20231108095118.0
008 - FIXED-LENGTH DATA ELEMENTS--GENERAL INFORMATION
fixed length control field 231108b ||||| |||| 00| 0 eng d
040 ## - CATALOGING SOURCE
Transcribing agency PK-LaUMT
082 ## - DEWEY DECIMAL CLASSIFICATION NUMBER
Classification number 956.94
Item number MUS-B
100 ## - MAIN ENTRY--PERSONAL NAME
Personal name Mushtaq Ahmad Mangat, Muhammad = مشتاق احمد مانگٹ، محمد
245 ## - TITLE STATEMENT
Title Bani Israel se Israel tak = بنی اسرائیل سے اسرائیل تک :
Remainder of title tein muzahib ka markaz = تین مذاہب کا مرکز /
Statement of responsibility, etc by Muhammad Mushtaq Ahmad Mangat = از محمد مشتاق احمد مانگٹ
260 ## - PUBLICATION, DISTRIBUTION, ETC. (IMPRINT)
Place of publication, distribution, etc Lahore :
Name of publisher, distributor, etc Asim Publications,
Date of publication, distribution, etc 2022
300 ## - PHYSICAL DESCRIPTION
Extent 83 p.
650 ## - SUBJECT ADDED ENTRY--TOPICAL TERM
Topical term or geographic name as entry element Palestine-HIstory
650 ## - SUBJECT ADDED ENTRY--TOPICAL TERM
Topical term or geographic name as entry element Israel-History
942 ## - ADDED ENTRY ELEMENTS (KOHA)
Koha item type Books
Holdings
Withdrawn status Lost status Damaged status Home library Current library Date acquired Full call number Barcode Date last seen Price effective from Koha item type
      UMT Main Campus UMT Main Campus 2023-11-30 956.94 MUS-B 145663 2025-01-15 2023-11-30 Books